000 00808nam a2200205Ia 4500
999 _c36734
_d36734
001 2669
003 GE_BSU
005 20190430144935.0
008 181216s2006||||ge |||||||||||||| ||geo||
040 _cGE_BSU
041 _ageo
080 _a004.9:72 გ–31
100 _aველიჯანაშვილი, ა.
_9541
245 _aAuto CAD 2006 პრაქტიკული კურსი მეთოდური მითითებებით /
_bარქიტეტორებისა და დიზაინერებისათვის.
264 _aთბილისი,
_c2006.
300 _a171 გვ.;
_b28 სმ.
653 _aინფორმატიკა
700 _aკარბელაშვილი, ნ.
_eავტორი
_9542
942 _cBK
_2udc